000 00357nam a22001457a 4500
003 OSt
008 250625b |||||||| |||| 00| 0 eng d
020 _a9789351249764
082 _a635.93353
_bR88B
100 _aR K Roy
245 _aBougainvillea A Color Handbook
260 _aNew Delhi
_bDaya Publishing house
_c2024
300 _a161p
942 _2ddc
_cBK
999 _c48273
_d48273